Normal view
MARC view
Entry Topical Term
001 - CONTROL NUMBER
- control field: 851992
003 - CONTROL NUMBER IDENTIFIER
- control field: OSt
005 - DATE AND TIME OF LATEST TRANSACTION
- control field: 20251118123032.0
008 - FIXED-LENGTH DATA ELEMENTS
- fixed length control field: 251118|| aca||aabn | a|a d
040 ## - CATALOGING SOURCE
- Original cataloging agency: OSt
- Transcribing agency: OSt
150 ## - HEADING--TOPICAL TERM
- Topical term or geographic name entry element: संस्कृत साहित्य
670 ## - SOURCE DATA FOUND
- Source citation: Work cat.: (OSt)1435639: गुप्ता, ममता 821690, गुणीभूतव्यड़ग्यकाव्य : , 2016.
